000 00549cam a2200145 4500500
005 20260208002443.0
041 _afre
042 _adc
100 1 0 _aMasset, Claude
_eauthor
245 0 0 _aRonan Hervouet, Datcha blues. Existences ordinaires et dictature en Biélorussie, Paris, Belin, 2009, 207 p., bibl. (« Europes centrales »)
260 _c2011.
500 _a60
786 0 _nL'Homme | 200 | 4 | 2011-11-01 | p. 227q-277q | 0439-4216
856 4 1 _uhttps://shs.cairn.info/revue-l-homme-2011-4-page-227q?lang=fr&redirect-ssocas=7080
999 _c1646444
_d1646444